Central Library OPAC University of Rajshahi

Statistics and data analysis for social workers / (Record no. 59493)

MARC details
000 -LEADER
fixed length control field 00830nam a2200253 a 4500
001 - CONTROL NUMBER
control field 59493
003 - CONTROL NUMBER IDENTIFIER
rucl marc code BD-RjUL
005 - DATE AND TIME OF LATEST TRANSACTION
control field 20211209080734.0
008 - FIXED-LENGTH DATA ELEMENTS--GENERAL INFORMATION
fixed length control field 161226s1985 ilua 001 0 eng
020 ## - INTERNATIONAL STANDARD BOOK NUMBER
International Standard Book Number 0875813054 (pbk.)
035 ## - SYSTEM CONTROL NUMBER
System control number (BD-RjUL)59617
040 ## - CATALOGING SOURCE
Original cataloging agency DLC
Transcribing agency DLC
Modifying agency DLC
-- BD-RjUL
Language of cataloging eng
041 ## - LANGUAGE CODE
Language code of text/sound track or separate title eng
082 00 - DEWEY DECIMAL CLASSIFICATION NUMBER
Edition number 23
Classification number 519.5024362
Author mark and year CRS 1985
100 1# - MAIN ENTRY--PERSONAL NAME
Personal name Craft, John L.
9 (RLIN) 176948
245 10 - TITLE STATEMENT
Title Statistics and data analysis for social workers /
Statement of responsibility, etc. John L. Craft with the assistance of Lawrence R. Askling.
260 ## - PUBLICATION, DISTRIBUTION, ETC. (IMPRINT)
Place of publication, distribution, etc. Itasca, Ill. :
Name of publisher, distributor, etc. F.E. Peacock Publishers,
Date of publication, distribution, etc. c1985.
300 ## - PHYSICAL DESCRIPTION
Pagination [5], 160 p. :
Illustrations ill. ;
Size 23 cm.
500 ## - GENERAL NOTE
General note Includes index.
650 #0 - SUBJECT ADDED ENTRY--TOPICAL TERM
Topical term or geographic name as entry element Multivariate analysis.
9 (RLIN) 176949
Topical term or geographic name as entry element Social service
General subdivision Statistical methods.
9 (RLIN) 176950
700 1# - ADDED ENTRY--PERSONAL NAME
Personal name Askling, Lawrence R.
942 ## - ADDED ENTRY ELEMENTS (KOHA)
Source of classification or shelving scheme Dewey Decimal Classification
Koha item type Books
Holdings
Lost status Source of classification or shelving scheme Damaged status Not for loan Collection code Permanent Location Current Location Shelving location Date acquired Source of acquisition Total Checkouts Full call number Date last seen Copy number Koha item type
  Dewey Decimal Classification   Not For Loan Non-fiction Central Library, University of Rajshahi Central Library, University of Rajshahi Reading Room 17/06/1991 Asia Foundation   519.5024362 CRS 1985 26/12/2016 C-1 Books